000 01278cam a2200385 i 4500
999 _c5926
_d5926
001 22518718
003 OSt
005 20251203101809.0
008 220421s2023 nyu c 000 1 eng
010 _a 2022002275
020 _a9780593650264
035 _a22518718
040 _aDLC
_beng
_erda
_cDLC
_dDLC
_dKH8
042 _apcc
_alcac
082 _aFIC WHI
100 1 _aWhite, Kiersten,
_eauthor.
245 1 0 _aCamp creepy /
_cKiersten White.
250 _aFirst edition.
264 1 _aNew York :
_bDelacorte Press,
_c[2023]
300 _aviii, 269 pages ;
_c22 cm.
336 _atext
_btxt
_2rdacontent
337 _aunmediated
_bn
_2rdamedia
338 _avolume
_bnc
_2rdacarrier
490 0 _aThe sinister summer series ;
_v3
520 _aThe Sinister-Winterbottoms, twins Alexander and Theo and their older sister Wil, find themselves at a mysterious summer camp where they meet other families whose parents are missing.
521 _aAges 8-12 years.
_bDelacorte Press.
650 1 _aTwins
_vFiction.
650 1 _aSiblings
_vFiction.
650 1 _aCamps
_vFiction
650 1 _aMissing persons
_vFiction.
650 1 _aMystery and detective stories.
655 7 _aDetective and mystery fiction.
_2lcgft
655 7 _aNovels.
_2lcgft
942 _2ddc
_cFIC